[Event "Budapest SixDays 05 IM-A"]
[Site "Budapest"]
[Date "2025.05.18"]
[Round "8"]
[White "Horvath, David G"]
[Black "Dushatov, Timur"]
[Result "1/2-1/2"]
[WhiteElo "2290"]
[BlackElo "2214"]
[PlyCount "54"]
[EventDate "2025.05.14"]
[EventType "tourn"]
[EventRounds "9"]
[EventCountry "HUN"]
[SourceTitle "CB21_2025"]
[SourceDate "2025.05.21"]
[SourceVersion "1"]
[SourceVersionDate "2025.05.21"]
[SourceQuality "1"]

1. Nf3 Nf6 2. c4 e6 3. g3 Be7 4. Bg2 0-0 5. 0-0 d5 6. d4 Nbd7 7. Qc2 c6 8. Nbd2 b6 9. e4 dxc4 10. Nxc4 Bb7 11. Nfe5 c5 12. Nxd7 Qxd7 13. dxc5 Bxc5 14. Rd1 Qe7 15. Bg5 e5 16. Ne3 Bxe3 17. Bxe3 Rac8 18. Qb1 Ng4 19. Bd2 Qc5 20. Be1 Nf6 21. Bc3 Rfe8 22. Qd3 b5 23. Rac1 Qb6 24. Qe2 b4 25. Bd2 a5 26. Be3 Qe6 27. Qb5 Rxc1 1/2-1/2

[Event "Budapest SixDays 05 IM-A"]
[Site "Budapest"]
[Date "2025.05.15"]
[Round "2"]
[White "Dushatov, Timur"]
[Black "Pribelszky, Bence Daniel"]
[Result "0-1"]
[WhiteElo "2214"]
[BlackElo "2400"]
[PlyCount "52"]
[EventDate "2025.05.14"]
[EventType "tourn"]
[EventRounds "9"]
[EventCountry "HUN"]
[SourceTitle "CB21_2025"]
[SourceDate "2025.05.21"]
[SourceVersion "1"]
[SourceVersionDate "2025.05.21"]
[SourceQuality "1"]

1. d4 Nf6 2. Nf3 b6 3. e3 Bb7 4. Bd3 c5 5. b3 e6 6. Bb2 Be7 7. 0-0 0-0 8. Nbd2 Nc6 9. a3 Rc8 10. Qe2 Qc7 11. c4 cxd4 12. exd4 d5 13. Rac1 Rfd8 14. Rfe1 Qf4 15. c5 bxc5 16. dxc5 a5 17. Ne5 Ne4 18. Ndf3 Nxc5 19. g3 Qh6 20. Rxc5 Nxe5 21. Rxc8 Nxf3+ 22. Qxf3 Rxc8 23. Re5 Qd2 24. Re2 Qd1+ 25. Kg2 Ba8 26. Bd4 Rc1 0-1

[Event "Titled Tuesday intern op 02nd Jul Early"]
[Site "Chess.com INT"]
[Date "2024.07.02"]
[Round "11"]
[White "Jimenez Salas, Maria Teresa"]
[Black "Dushatov, Timur"]
[Result "0-1"]
[WhiteElo "2056"]
[BlackElo "2168"]
[PlyCount "128"]
[EventDate "2024.07.02"]
[EventType "swiss (blitz)"]
[EventRounds "11"]
[EventCountry "USA"]
[SourceTitle "EXT 2025"]
[Source "ChessBase"]
[SourceDate "2024.10.14"]
[SourceVersion "1"]
[SourceVersionDate "2024.10.14"]
[SourceQuality "1"]

1. e4 e5 2. Nf3 Nc6 3. d4 exd4 4. Nxd4 Nf6 5. Nxc6 bxc6 6. e5 Qe7 7. Qe2 Nd5 8. c4 Ba6 9. g3 g6 10. b3 Bg7 11. Bb2 0-0 12. Bg2 Rae8 13. 0-0 Bxe5 14. Qxe5 Qxe5 15. Bxe5 Rxe5 16. cxd5 Bxf1 17. Kxf1 cxd5 18. f4 Re3 19. Bxd5 Rd3 20. Bc4 Rd1+ 21. Ke2 Rh1 22. Kf3 Re8 23. Be2 d5 24. a4 Re1 25. Bb5 R8e7 26. Kf2 Rh1 27. Kg2 Ree1 28. Bd3 Rd1 29. Bc2 Rc1 30. Bd3 Rhd1 31. Ra2 Rxd3 32. Na3 Rxb3 33. Nb5 a6 34. Nd4 Rd3 35. Nf3 Rdc3 36. Ne5 R3c2+ 37. Rxc2 Rxc2+ 38. Kf3 c5 39. Nd7 a5 40. Nf6+ Kg7 41. Nxd5 Rc4 42. Nb6 Rb4 43. Nd7 Rxa4 44. Nxc5 Rb4 45. Nd3 Rb5 46. Ke4 a4 47. Nc1 a3 48. Kd4 Rb2 49. Kc3 Rxh2 50. Kb3 Rg2 51. Kxa3 Rxg3+ 52. Kb4 Rg4 53. Kc4 Rxf4+ 54. Kd3 Rf5 55. Ne2 h6 56. Ke3 h5 57. Ng1 h4 58. Ke2 g5 59. Nh3 Kg6 60. Ng1 g4 61. Ke3 h3 62. Ke4 h2 63. Ne2 h1Q+ 64. Kd3 Qf3+ 0-1

[Event "Titled Tuesday intern op 02nd Jul Early"]
[Site "Chess.com INT"]
[Date "2024.07.02"]
[Round "5"]
[White "Srihari, Lakshmi"]
[Black "Dushatov, Timur"]
[Result "1-0"]
[WhiteElo "2384"]
[BlackElo "2168"]
[PlyCount "50"]
[EventDate "2024.07.02"]
[EventType "swiss (blitz)"]
[EventRounds "11"]
[EventCountry "USA"]
[SourceTitle "EXT 2025"]
[Source "ChessBase"]
[SourceDate "2024.10.14"]
[SourceVersion "1"]
[SourceVersionDate "2024.10.14"]
[SourceQuality "1"]

1. e4 e5 2. Nf3 Nc6 3. Bc4 Bc5 4. d3 Nf6 5. 0-0 d6 6. c3 a6 7. a4 Ba7 8. Nbd2 h6 9. Re1 g5 10. b4 g4 11. Nh4 Nh5 12. Nf5 Bxf5 13. exf5 d5 14. Bb3 Qh4 15. d4 Nxd4 16. Rxe5+ Kf8 17. g3 Nxg3 18. hxg3 Ne2+ 19. Qxe2 Qxg3+ 20. Kf1 Qh3+ 21. Ke1 Qxc3 22. Rb1 g3 23. fxg3 Bd4 24. Re7 Bf6 25. Re3 Qd4 1-0

[Event "Titled Tuesday intern op 25th Jun Early"]
[Site "Chess.com INT"]
[Date "2024.06.25"]
[Round "10"]
[White "Dushatov, Timur"]
[Black "Esenbek Uulu, Ilimbek"]
[Result "1-0"]
[WhiteElo "2228"]
[BlackElo "1971"]
[PlyCount "53"]
[EventDate "2024.06.25"]
[EventType "swiss (blitz)"]
[EventRounds "11"]
[EventCountry "USA"]
[SourceTitle "EXT 2025"]
[Source "ChessBase"]
[SourceDate "2024.10.14"]
[SourceVersion "1"]
[SourceVersionDate "2024.10.14"]
[SourceQuality "1"]

1. e4 c5 2. Nf3 d6 3. c3 Nf6 4. h3 g6 5. Bd3 Bg7 6. Bc2 0-0 7. 0-0 Nc6 8. d4 cxd4 9. cxd4 a6 10. Nc3 b5 11. Qe2 Bb7 12. e5 dxe5 13. dxe5 Nd5 14. Nxd5 Qxd5 15. Rd1 Qc5 16. Be3 Qb4 17. e6 f5 18. Bb3 Na5 19. Bd2 Qe4 20. Qxe4 fxe4 21. Bxa5 exf3 22. Rd7 Be4 23. Rxe7 Bxb2 24. Re1 Bc6 25. Rc7 Rac8 26. e7+ Kg7 27. exf8Q+ 1-0

[Event "Titled Tuesday intern op 25th Jun Early"]
[Site "Chess.com INT"]
[Date "2024.06.25"]
[Round "9"]
[White "Dushatov, Timur"]
[Black "Grot, Blazej"]
[Result "0-1"]
[WhiteElo "2228"]
[BlackElo "2136"]
[PlyCount "106"]
[EventDate "2024.06.25"]
[EventType "swiss (blitz)"]
[EventRounds "11"]
[EventCountry "USA"]
[SourceTitle "EXT 2025"]
[Source "ChessBase"]
[SourceDate "2024.10.14"]
[SourceVersion "1"]
[SourceVersionDate "2024.10.14"]
[SourceQuality "1"]

1. e4 e5 2. Nf3 Nc6 3. Bb5 Nf6 4. 0-0 Nxe4 5. Re1 Nd6 6. a4 Be7 7. Nc3 0-0 8. d4 exd4 9. Nd5 Bf6 10. Bf4 h6 11. Bd3 Ne8 12. Rxe8 Qxe8 13. Nxf6+ gxf6 14. Bxh6 Qe7 15. Nh4 d6 16. Nf5 Bxf5 17. Bxf5 Ne5 18. Qh5 Ng6 19. Bxg6 fxg6 20. Qxg6+ Kh8 21. Bxf8 Rxf8 22. Qh5+ Qh7 23. Qe2 Qg6 24. Re1 Kg7 25. Qc4 c5 26. Qd5 Rf7 27. Qe4 Qxe4 28. Rxe4 d5 29. Re6 Rd7 30. Kf1 Kf7 31. Re2 a6 32. Ke1 b5 33. axb5 axb5 34. Kd2 Ra7 35. Re1 Ra2 36. b3 c4 37. bxc4 bxc4 38. Rc1 d3 39. Kc3 d4+ 40. Kd2 Kg6 41. Kd1 c3 42. cxd3 Rxf2 43. Rb1 Rf1+ 44. Kc2 Rxb1 45. Kxb1 Kg5 46. Kc2 f5 47. g3 Kg4 48. h4 Kh5 49. Kd1 Kg4 50. Ke2 Kxg3 51. h5 f4 52. h6 f3+ 53. Kd1 f2 0-1

[Event "Titled Tuesday intern op 25th Jun Early"]
[Site "Chess.com INT"]
[Date "2024.06.25"]
[Round "8"]
[White "Kislinsky, Alexey"]
[Black "Dushatov, Timur"]
[Result "1-0"]
[WhiteElo "2355"]
[BlackElo "2228"]
[PlyCount "69"]
[EventDate "2024.06.25"]
[EventType "swiss (blitz)"]
[EventRounds "11"]
[EventCountry "USA"]
[SourceTitle "EXT 2025"]
[Source "ChessBase"]
[SourceDate "2024.10.14"]
[SourceVersion "1"]
[SourceVersionDate "2024.10.14"]
[SourceQuality "1"]

1. e4 e5 2. d4 exd4 3. Qxd4 Nc6 4. Qe3 Nf6 5. Nc3 Bb4 6. Bd2 0-0 7. 0-0-0 d6 8. Qg3 Re8 9. f3 Nh5 10. Qf2 Bc5 11. Qe1 Ne5 12. Be2 Be6 13. g4 Nf6 14. g5 Nfd7 15. f4 Ng4 16. f5 Bxf5 17. exf5 Nf2 18. Nf3 Nxd1 19. Qxd1 Ne5 20. Nxe5 Rxe5 21. Bd3 Be3 22. Bxe3 Rxe3 23. f6 Re5 24. h4 g6 25. Qg1 Qd7 26. h5 Rae8 27. hxg6 Re1+ 28. Qxe1 Rxe1+ 29. Rxe1 hxg6 30. Kb1 Qg4 31. a3 Qxg5 32. Re8+ Kh7 33. Ne4 Qf5 34. Re7 Kg8 35. Re8+ 1-0

[Event "Titled Tuesday intern op 25th Jun Early"]
[Site "Chess.com INT"]
[Date "2024.06.25"]
[Round "1"]
[White "Wu, Derek"]
[Black "Dushatov, Timur"]
[Result "1-0"]
[WhiteElo "2278"]
[BlackElo "2228"]
[PlyCount "71"]
[EventDate "2024.06.25"]
[EventType "swiss (blitz)"]
[EventRounds "11"]
[EventCountry "USA"]
[SourceTitle "EXT 2025"]
[Source "ChessBase"]
[SourceDate "2024.10.14"]
[SourceVersion "1"]
[SourceVersionDate "2024.10.14"]
[SourceQuality "1"]

1. d4 Nf6 2. Nf3 e6 3. c4 d5 4. Nc3 dxc4 5. e4 b5 6. e5 Nd5 7. Nxb5 Nb6 8. Be2 Nc6 9. 0-0 Ba6 10. Nc3 Qd7 11. Qd2 Be7 12. Qf4 0-0 13. Qg4 Kh8 14. Bg5 Rad8 15. Rad1 Nb4 16. Qh4 N4d5 17. Ne4 f6 18. exf6 Nxf6 19. Ne5 Qe8 20. Bxf6 Bxf6 21. Qh3 Bxe5 22. dxe5 Qg6 23. Nc5 Bc8 24. Bg4 Rde8 25. Bh5 Qg5 26. Bxe8 Rxe8 27. Qg3 Qe7 28. Ne4 Nd5 29. Rd2 Bb7 30. Rfd1 h6 31. Nc3 Nb4 32. Rd7 Qf8 33. Rxc7 Ba8 34. Rdd7 g5 35. h4 Rd8 36. Rh7+ 1-0

[Event "Titled Tuesday intern op 18th Jun Early"]
[Site "Chess.com INT"]
[Date "2024.06.18"]
[Round "2"]
[White "Dushatov, Timur"]
[Black "Injac, Teodora"]
[Result "0-1"]
[WhiteElo "2228"]
[BlackElo "2424"]
[PlyCount "124"]
[EventDate "2024.06.18"]
[EventType "swiss (blitz)"]
[EventRounds "11"]
[EventCountry "USA"]
[SourceTitle "EXT 2025"]
[Source "ChessBase"]
[SourceDate "2024.10.14"]
[SourceVersion "1"]
[SourceVersionDate "2024.10.14"]
[SourceQuality "1"]

1. e4 c6 2. d4 d5 3. exd5 cxd5 4. Bd3 Nc6 5. c3 Nf6 6. h3 g6 7. Nf3 Bf5 8. Be2 Bg7 9. Bf4 0-0 10. 0-0 Ne4 11. Nbd2 Nd6 12. Re1 Re8 13. Nb3 Nc4 14. Bxc4 dxc4 15. Nc5 b6 16. Ne4 Qd5 17. Ng3 Bd3 18. Qd2 Rad8 19. Ne5 Nxe5 20. Bxe5 f6 21. Bf4 e5 22. dxe5 fxe5 23. Bh6 Bh8 24. h4 e4 25. h5 Re6 26. Bg5 Rf8 27. Ne2 Qf5 28. Ng3 Qg4 29. Bh6 Rfe8 30. Qg5 Qxg5 31. Bxg5 b5 32. hxg6 Rxg6 33. Be3 a5 34. Bc5 Rc6 35. Be3 b4 36. Bd2 Rb6 37. Be3 Rb5 38. a4 Rb7 39. Bd2 bxc3 40. Bxc3 Bxc3 41. bxc3 Rb3 42. Rac1 Ra3 43. f3 e3 44. Ne4 Bxe4 45. fxe4 Rxe4 46. Kf1 Rxa4 47. Ke2 Ra2+ 48. Kf3 Re7 49. Rxe3 Rxe3+ 50. Kxe3 Rxg2 51. Kd4 Rg4+ 52. Kc5 h5 53. Kb5 h4 54. Kxa5 Kg7 55. Kb5 Kg6 56. Kc5 Kg5 57. Kd5 h3 58. Rh1 Kh4 59. Ke5 Kg3 60. Rg1+ Kf3 61. Rd1 h2 62. Rh1 Kg2 0-1

[Event "Titled Tuesday intern op 18th Jun Early"]
[Site "Chess.com INT"]
[Date "2024.06.18"]
[Round "5"]
[White "Dushatov, Timur"]
[Black "Mende, Andreas"]
[Result "1-0"]
[WhiteElo "2228"]
[BlackElo "2100"]
[PlyCount "137"]
[EventDate "2024.06.18"]
[EventType "swiss (blitz)"]
[EventRounds "11"]
[EventCountry "USA"]
[SourceTitle "EXT 2025"]
[Source "ChessBase"]
[SourceDate "2024.10.14"]
[SourceVersion "1"]
[SourceVersionDate "2024.10.14"]
[SourceQuality "1"]

1. e4 c5 2. Nf3 Nc6 3. Bb5 Nf6 4. e5 Nd5 5. Nc3 Nc7 6. Bxc6 dxc6 7. d3 g6 8. 0-0 Bg7 9. h3 Ne6 10. Ne4 b6 11. Neg5 h6 12. Nxe6 Bxe6 13. Be3 0-0 14. Qd2 Kh7 15. Bf4 Bd5 16. Qe3 Qd7 17. Rfd1 g5 18. Bg3 Qf5 19. Nd2 Rad8 20. c4 Be6 21. Ne4 Qg6 22. a4 a5 23. f3 Bf5 24. Ra3 Rd4 25. Rb3 Rb8 26. Nxc5 Rbd8 27. Ne4 b5 28. axb5 cxb5 29. cxb5 Bxe4 30. fxe4 Rxe4 31. Qxe4 Qxe4 32. dxe4 Rxd1+ 33. Kf2 Rd2+ 34. Ke1 Rd7 35. b6 Rb7 36. e6 fxe6 37. Bc7 Bd4 38. Rb5 a4 39. Kd2 e5 40. Kd3 Kg6 41. Kc4 Kf6 42. Kb4 Bxb2 43. Kxa4 Bd4 44. Ka5 Bxb6+ 45. Rxb6+ Rxb6 46. Kxb6 g4 47. h4 g3 48. Bd8 Ke6 49. Kc6 h5 50. Kc7 Kf6 51. Kd7 Kg6 52. Bxe7 Kh6 53. Kd6 Kg6 54. Bg5 Kf7 55. Kxe5 Kg6 56. Ke6 Kg7 57. Kf5 Kf7 58. e5 Ke8 59. e6 Kf8 60. Kg6 Ke8 61. Kxh5 Kf8 62. Kg4 Ke8 63. h5 Kf8 64. Bf6 Kg8 65. h6 Kh7 66. Kh5 Kg8 67. Kg6 Kf8 68. h7 Ke8 69. h8Q# 1-0

[Event "Titled Tuesday intern op 11th Jun Early"]
[Site "Chess.com INT"]
[Date "2024.06.11"]
[Round "6"]
[White "Bykov, Egor"]
[Black "Dushatov, Timur"]
[Result "1-0"]
[WhiteElo "2424"]
[BlackElo "2228"]
[PlyCount "69"]
[EventDate "2024.06.11"]
[EventType "swiss (blitz)"]
[EventRounds "11"]
[EventCountry "USA"]
[SourceTitle "EXT 2025"]
[Source "ChessBase"]
[SourceDate "2024.10.14"]
[SourceVersion "1"]
[SourceVersionDate "2024.10.14"]
[SourceQuality "1"]

1. Nf3 Nf6 2. b3 e6 3. Bb2 b6 4. e3 Bb7 5. c4 c5 6. Nc3 Be7 7. Be2 0-0 8. Qc2 Nc6 9. a3 d5 10. cxd5 Nxd5 11. Ne4 Nf6 12. Neg5 g6 13. h4 Nd5 14. Nxh7 Kxh7 15. Ng5+ Kg8 16. Nxe6 Qd6 17. Nxf8 Rxf8 18. h5 Bf6 19. hxg6 Bxb2 20. Qxb2 f6 21. Rh7 Bc8 22. 0-0-0 Be6 23. Rdh1 Ne5 24. Qc2 f5 25. R1h6 Rf6 26. Rh8+ Kg7 27. R6h7+ Kxg6 28. Bh5+ Kg5 29. Rg7+ Ng6 30. f4+ Ndxf4 31. exf4+ Qxf4 32. Qc3 Qf1+ 33. Kb2 Qf4 34. g3 Qe5 35. Qxe5 1-0

[Event "Titled Tuesday intern op 11th Jun Early"]
[Site "Chess.com INT"]
[Date "2024.06.11"]
[Round "3"]
[White "Dushatov, Timur"]
[Black "Shandrygin, Nikita"]
[Result "0-1"]
[WhiteElo "2228"]
[BlackElo "2209"]
[PlyCount "74"]
[EventDate "2024.06.11"]
[EventType "swiss (blitz)"]
[EventRounds "11"]
[EventCountry "USA"]
[SourceTitle "EXT 2025"]
[Source "ChessBase"]
[SourceDate "2024.10.14"]
[SourceVersion "1"]
[SourceVersionDate "2024.10.14"]
[SourceQuality "1"]

1. e4 c5 2. Nf3 e6 3. c3 Nf6 4. e5 Nd5 5. a3 d6 6. d4 cxd4 7. cxd4 Nc6 8. Bd3 Be7 9. 0-0 a6 10. Qe2 b5 11. Nc3 Nxc3 12. bxc3 Bb7 13. exd6 Qxd6 14. Qe4 Rc8 15. Qg4 Bf6 16. Bf4 Qd5 17. Rae1 Ne7 18. Be4 Qd7 19. Ne5 Bxe5 20. Bxe5 Bxe4 21. Rxe4 f5 22. Qh5+ g6 23. Qh3 Rf8 24. Re2 Nd5 25. Rfe1 Rc6 26. Qf3 Kf7 27. Rc2 Rfc8 28. Qh3 Kg8 29. Rec1 a5 30. Qd3 Rc4 31. Qh3 b4 32. axb4 axb4 33. Qd3 Nxc3 34. Kf1 Qd5 35. Ke1 b3 36. Rb2 R4c6 37. Qd2 Ne4 0-1

[Event "Budapest SixDays 06 IM-A"]
[Site "Budapest"]
[Date "2024.06.08"]
[Round "9"]
[White "Neverov, Valeriy"]
[Black "Dushatov, Timur"]
[Result "1-0"]
[WhiteElo "2395"]
[BlackElo "2228"]
[PlyCount "59"]
[EventDate "2024.06.03"]
[EventType "tourn"]
[EventRounds "9"]
[EventCountry "HUN"]
[SourceTitle "CBM 220 Extra"]
[Source "ChessBase"]
[SourceDate "2024.07.31"]
[SourceVersion "1"]
[SourceVersionDate "2024.07.31"]
[SourceQuality "1"]

1. Nf3 Nf6 2. c4 e6 3. g3 d5 4. Bg2 Be7 5. 0-0 0-0 6. b3 c5 7. Bb2 b6 8. e3 Bb7 9. Qe2 Nc6 10. d3 Qc7 11. Nc3 Rad8 12. Rfd1 dxc4 13. bxc4 Rd7 14. Rd2 Rfd8 15. Rad1 Rc8 16. h3 a6 17. Ba1 Ne8 18. d4 Na5 19. d5 Rcd8 20. e4 e5 21. Rb1 Bd6 22. Rdb2 Qc8 23. Rxb6 Bc7 24. R6b2 Re7 25. Na4 Bb8 26. Nb6 Qc7 27. Qe1 Ba7 28. Qxa5 Rd6 29. Rb3 f6 30. Bc3 1-0

[Event "Budapest SixDays 06 IM-A"]
[Site "Budapest"]
[Date "2024.06.07"]
[Round "7"]
[White "Tregubenko, Nikolay"]
[Black "Dushatov, Timur"]
[Result "0-1"]
[WhiteElo "2246"]
[BlackElo "2228"]
[PlyCount "76"]
[EventDate "2024.06.03"]
[EventType "tourn"]
[EventRounds "9"]
[EventCountry "HUN"]
[SourceTitle "CBM 220 Extra"]
[Source "ChessBase"]
[SourceDate "2024.07.31"]
[SourceVersion "1"]
[SourceVersionDate "2024.07.31"]
[SourceQuality "1"]

1. e4 c6 2. d4 d5 3. e5 Bf5 4. h4 h5 5. Bg5 Qb6 6. Bd3 Qxd4 7. Nf3 Qg4 8. Bxf5 Qxf5 9. 0-0 Nd7 10. c4 e6 11. cxd5 cxd5 12. Nc3 a6 13. Nxd5 exd5 14. Qxd5 Qe6 15. Qd2 Bc5 16. b4 Bb6 17. Bf4 Ne7 18. Ng5 Qf5 19. Rae1 Nf8 20. Qd6 Rh6 21. e6 Nxe6 22. Qxb6 Qxf4 23. Nxe6 Rxe6 24. Rxe6 fxe6 25. Re1 Qc4 26. Qxb7 Rd8 27. Qf3 Qd5 28. Qf4 Rc8 29. a4 Rc4 30. Qb8+ Kf7 31. b5 axb5 32. a5 Ra4 33. Qc7 b4 34. Re3 Ra3 35. Re5 Qd4 36. Rxh5 Qd1+ 37. Kh2 Qxh5 38. Qf4+ Qf5 0-1

[Event "Budapest SixDays 06 IM-A"]
[Site "Budapest"]
[Date "2024.06.03"]
[Round "1"]
[White "Dushatov, Timur"]
[Black "Pavan, Karthikeya Varma Gu"]
[Result "1/2-1/2"]
[WhiteElo "2228"]
[BlackElo "2029"]
[PlyCount "91"]
[EventDate "2024.06.03"]
[EventType "tourn"]
[EventRounds "9"]
[EventCountry "HUN"]
[SourceTitle "CBM 220 Extra"]
[Source "ChessBase"]
[SourceDate "2024.07.31"]
[SourceVersion "1"]
[SourceVersionDate "2024.07.31"]
[SourceQuality "1"]

1. e4 e5 2. Nf3 Nc6 3. Bb5 a6 4. Ba4 Nf6 5. 0-0 d6 6. d3 g6 7. h3 Bg7 8. c4 0-0 9. Nc3 Bd7 10. Be3 Nh5 11. Nd5 Ne7 12. Bb3 c5 13. Nxe7+ Qxe7 14. Bc2 Bc6 15. Nd2 f5 16. exf5 Rxf5 17. Ne4 Nf4 18. Kh2 Raf8 19. Rb1 Qd7 20. Qg4 h5 21. Qg3 Bh6 22. h4 Bxe4 23. dxe4 R5f6 24. Rfe1 g5 25. hxg5 Rg6 26. Bxf4 Rxf4 27. Qh3 Qxh3+ 28. Kxh3 Bxg5 29. g3 Rxf2 30. Bd1 h4 31. Bh5 Rg7 32. Rg1 hxg3 33. Rxg3 Bf4 34. Rxg7+ Kxg7 35. Rd1 Kf6 36. Kg4 Rg2+ 37. Kf3 Rh2 38. Bg4 Ke7 39. Rb1 Kd8 40. a3 b5 41. Be6 Rc2 42. b3 Ra2 43. a4 bxa4 44. bxa4 Rxa4 45. Rb7 Rb4 46. Ra7 1/2-1/2

[Event "Sitges Sunway op 10th"]
[Site "Sitges"]
[Date "2023.12.19"]
[Round "7"]
[White "Dolzhikova, Kateryna"]
[Black "Dushatov, Timur"]
[Result "1-0"]
[WhiteElo "2283"]
[BlackElo "1944"]
[PlyCount "81"]
[EventDate "2023.12.12"]
[EventType "swiss"]
[EventRounds "10"]
[EventCountry "ESP"]
[SourceTitle "EXT 2025"]
[Source "ChessBase"]
[SourceDate "2024.10.14"]
[SourceVersion "1"]
[SourceVersionDate "2024.10.14"]
[SourceQuality "1"]

1. e4 c5 2. Nf3 d6 3. d4 cxd4 4. Qxd4 Nc6 5. Bb5 Bd7 6. Bxc6 Bxc6 7. Nc3 h6 8. Be3 e5 9. Qd3 Nf6 10. 0-0-0 b5 11. Nxb5 Nxe4 12. Nxa7 Rxa7 13. Bxa7 Qa8 14. Rhe1 Be7 15. Be3 Qxa2 16. Qa3 Qxa3 17. bxa3 f6 18. Nh4 d5 19. Rd3 Kf7 20. Nf5 Bf8 21. f3 Nd6 22. Nxd6+ Bxd6 23. Bd2 Rb8 24. Rb3 Rc8 25. Bb4 Ba4 26. Rb2 Rb8 27. Kd2 f5 28. g3 e4 29. Bc3 Bc6 30. Bd4 g5 31. Re3 Ba8 32. Rc3 Re8 33. Rb6 f4 34. g4 exf3 35. Rxf3 Bc7 36. Rf6+ Ke7 37. Rxh6 Bd6 38. Rd3 Bc7 39. Rdh3 Ba5+ 40. c3 Kd7 41. Ra6 1-0